000 00423nam a2200157Ia 4500
003 GCL
008 140319s9999 xx 000 0 ara d
040 _aGCL /
_cGCL
082 0 4 _a922.113
_bع ح
100 1 _aعبدالحليم محمود
245 1 0 _aالحمد لله هذه حياتى /
_cعبدالحليم محمود
300 _a186 ص
490 _a
650 0 4 _aالاسلام - تراجم
942 _2ddc
_cBK
999 _c41636
_d41636